Mechanical vibrations : (Record no. 60637)
[ view plain ]
| 000 -LEADER | |
|---|---|
| fixed length control field | 01581cam a2200385 a 4500 |
| 001 - CONTROL NUMBER | |
| control field | 3541161 |
| 003 - CONTROL NUMBER IDENTIFIER | |
| control field | NUST-PNEC |
| 005 - DATE AND TIME OF LATEST TRANSACTION | |
| control field | 20170116180703.0 |
| 008 - FIXED-LENGTH DATA ELEMENTS--GENERAL INFORMATION | |
| fixed length control field | 970107s1997 enka bi 000 0 eng |
| 010 ## - LIBRARY OF CONGRESS CONTROL NUMBER | |
| LC control number | 97001036 |
| 020 ## - INTERNATIONAL STANDARD BOOK NUMBER | |
| International Standard Book Number | 0471975249 |
| 020 ## - INTERNATIONAL STANDARD BOOK NUMBER | |
| International Standard Book Number | 047197546X |
| 020 ## - INTERNATIONAL STANDARD BOOK NUMBER | |
| International Standard Book Number | 047197546X (pbk.) |
| 035 ## - SYSTEM CONTROL NUMBER | |
| System control number | (DLC) 97001036 |
| 040 ## - CATALOGING SOURCE | |
| Original cataloging agency | DLC |
| Transcribing agency | PNEC |
| 041 1# - LANGUAGE CODE | |
| Language code of text/sound track or separate title | eng |
| Language code of original | fre |
| 050 00 - LIBRARY OF CONGRESS CALL NUMBER | |
| Classification number | TA654 |
| Item number | .G4503 1997 |
| 082 00 - DEWEY DECIMAL CLASSIFICATION NUMBER | |
| Classification number | 624.176 GER |
| 100 1# - MAIN ENTRY--PERSONAL NAME | |
| Personal name | Géradin, Michel, |
| Dates associated with a name | 1945- |
| 240 10 - UNIFORM TITLE | |
| Uniform title | Théorie des vibrations. |
| Language of a work | English |
| 245 10 - TITLE STATEMENT | |
| Title | Mechanical vibrations : |
| Remainder of title | theory and application to structural dynamics / |
| Statement of responsibility, etc. | M. Géradin, D. Rixen. |
| 250 ## - EDITION STATEMENT | |
| Edition statement | 2nd ed. |
| 260 ## - PUBLICATION, DISTRIBUTION, ETC. | |
| Place of publication, distribution, etc. | Chichester ; |
| -- | New York : |
| Name of publisher, distributor, etc. | John Wiley, |
| Date of publication, distribution, etc. | c1997. |
| 300 ## - PHYSICAL DESCRIPTION | |
| Extent | xviii, 425 p. : |
| Other physical details | ill. ; |
| Dimensions | 25 cm. |
| 500 ## - GENERAL NOTE | |
| General note | Translation of: Théorie des vibrations. http://www.amazon.com/Mechanical-Vibrations-Applications-Structural-Dynamics/dp/047197546X/ref=sr_1_1?ie=UTF8&qid=1410601956&sr=8-1&keywords=047197546X |
| 504 ## - BIBLIOGRAPHY, ETC. NOTE | |
| Bibliography, etc. note | Includes bibliographical references and index. |
| 648 ## - SUBJECT ADDED ENTRY--CHRONOLOGICAL TERM | |
| General subdivision | ME |
| 650 #0 - SUBJECT ADDED ENTRY--TOPICAL TERM | |
| Topical term or geographic name entry element | Structural dynamics. |
| 700 1# - ADDED ENTRY--PERSONAL NAME | |
| Personal name | Rixen, Daniel. |
| 856 42 - ELECTRONIC LOCATION AND ACCESS | |
| Materials specified | Publisher description |
| Uniform Resource Identifier | <a href="http://www.loc.gov/catdir/description/wiley036/97001036.html">http://www.loc.gov/catdir/description/wiley036/97001036.html</a> |
| 856 41 - ELECTRONIC LOCATION AND ACCESS | |
| Materials specified | Table of contents |
| Uniform Resource Identifier | <a href="http://www.loc.gov/catdir/toc/wiley022/97001036.html">http://www.loc.gov/catdir/toc/wiley022/97001036.html</a> |
| 906 ## - LOCAL DATA ELEMENT F, LDF (RLIN) | |
| a | 7 |
| b | cbc |
| c | orignew |
| d | 1 |
| e | ocip |
| f | 19 |
| g | y-gencatlg |
| 942 ## - ADDED ENTRY ELEMENTS (KOHA) | |
| Source of classification or shelving scheme | |
| Koha item type | Book |
| Withdrawn status | Lost status | Source of classification or shelving scheme | Damaged status | Not for loan | Permanent Location | Current Location | Shelving location | Date acquired | Source of acquisition | Cost, normal purchase price | Total Checkouts | Full call number | Barcode | Date last seen | Cost, replacement price | Price effective from | Koha item type |
|---|---|---|---|---|---|---|---|---|---|---|---|---|---|---|---|---|---|
| Pakistan Navy Engineering College (PNEC) | Pakistan Navy Engineering College (PNEC) | Reference | 05/07/2008 | Royal Book Company | 5598.00 | 624.176 GER | PNECLIB-028606 | 09/13/2014 | 5598.00 | 05/07/2008 | Book |
